Feeding and management / (Record no. 2468)

MARC details
000 -LEADER
fixed length control field 00647nam a22002417a 4500
001 - CONTROL NUMBER
control field BD-DhSAU 2468
003 - CONTROL NUMBER IDENTIFIER
control field BD-DhSAU
005 - DATE AND TIME OF LATEST TRANSACTION
control field 20150128150205.0
008 - FIXED-LENGTH DATA ELEMENTS--GENERAL INFORMATION
fixed length control field 150128b1963 nyua|||| |||| 001 0 eng d
040 ## - CATALOGING SOURCE
Original cataloging agency BD-DhSAU
082 ## - DEWEY DECIMAL CLASSIFICATION NUMBER
Edition number 22
Classification number 636.208
Item number RED
100 ## - MAIN ENTRY--PERSONAL NAME
Personal name Reaves, Paul M.
245 ## - TITLE STATEMENT
Title Feeding and management /
Statement of responsibility, etc. Paul M. Reaves & H. O. Henderson
250 ## - EDITION STATEMENT
Edition statement 5th ed.
260 ## - PUBLICATION, DISTRIBUTION, ETC. (IMPRINT)
Place of publication, distribution, etc. New York :
Name of publisher, distributor, etc. John Willey & Sons ,
Date of publication, distribution, etc. c1963.
300 ## - PHYSICAL DESCRIPTION
Extent vi, 448 p. :
Other physical details ill. ;
Dimensions 23 cm.
504 ## - BIBLIOGRAPHY, ETC. NOTE
Bibliography, etc Includes index.
590 ## - Name of Cataloguer
Name of Cataloger Jerin
650 ## - SUBJECT ADDED ENTRY--TOPICAL TERM
Topical term or geographic name as entry element Animal Husbandry
650 ## - SUBJECT ADDED ENTRY--TOPICAL TERM
Topical term or geographic name as entry element Feeding
650 ## - SUBJECT ADDED ENTRY--TOPICAL TERM
Topical term or geographic name as entry element management
700 ## - ADDED ENTRY--PERSONAL NAME
Personal name Henderson, H. O.
942 ## - ADDED ENTRY ELEMENTS (KOHA)
Source of classification or shelving scheme Dewey Decimal Classification
Koha item type Book
Holdings
Withdrawn status Lost status Source of classification or shelving scheme Damaged status Not for loan Home library Branch Name Shelving location Date acquired Total Checkouts Full call number Barcode Date last seen Price effective from Koha item type
    Dewey Decimal Classification     SAU Library SAU Library General Stacks 02/11/1978   636.208 RED 1574 28/01/2015 28/01/2015 Book
    Dewey Decimal Classification     SAU Library SAU Library General Stacks 02/11/1998   636.208 RED 1579 29/01/2015 29/01/2015 Book